Countries with the Most Ismailis - Statistics

General Stats
  • This quiz has been taken 12 times
  • The average score is 9 of 12
Answer Stats
# of Ismailis Answer % Correct
5 m Afghanistan
100%
500 k Pakistan
100%
15 m India
90%
40 k United States
90%
80 k Canada
80%
200 k Syria
80%
15 k United Kingdom
80%
200 k Tajikistan
70%
195 k Yemen
70%
40 k Tanzania
60%
8 k Kenya
40%
1.5 k Malaysia
40%
No matching quizzes found
Score Distribution
Percent of People with Each Score
Percentile by Number Answered
Your Score History
You have not taken this quiz